| Tag |
First Indicator |
Second Indicator |
Subfields |
| LEADER |
00000pam a2200000 a 4500 |
| 001 |
in00000079116 |
| 005 |
20151008055230.0 |
| 008 |
810113s1981 enk b 00110 engm |
| 010 |
|
|
|a 80029539
|
| 020 |
|
|
|a 0521234735
|
| 035 |
|
|
|a (OCoLC)07206764
|
| 035 |
|
|
|9 AAJ2906AM
|
| 039 |
0 |
|
|a 2
|b 3
|c 3
|d 3
|e 3
|
| 040 |
|
|
|a DLC
|c DLC
|d m.c.
|d TXA
|d UtOrBLW
|
| 043 |
|
|
|a e-gw---
|
| 049 |
|
|
|a TXAM
|c [932879]
|
| 050 |
0 |
0 |
|a JN3946.S83
|b N64
|
| 082 |
0 |
|
|a 324.243072
|2 19
|
| 100 |
1 |
|
|a Nolan, Mary,
|d 1947-
|
| 245 |
1 |
0 |
|a Social democracy and society :
|b working-class radicalism in Dusseldorf, 1890-1920 /
|c Mary Nolan.
|
| 264 |
|
1 |
|a Cambridge [England] ;
|a New York :
|b Cambridge University Press,
|c 1981.
|
| 300 |
|
|
|a xi, 376 pages ;
|c 23 cm.
|
| 336 |
|
|
|a text
|b txt
|2 rdacontent
|
| 337 |
|
|
|a unmediated
|b n
|2 rdamedia
|
| 338 |
|
|
|a volume
|b nc
|2 rdacarrier
|
| 500 |
|
|
|a Includes index.
|
| 504 |
|
|
|a Bibliography: pages 354-370.
|
| 610 |
2 |
0 |
|a Sozialdemokratische Partei Deutschlands
|x History.
|
| 650 |
|
0 |
|a Working class
|z Germany
|z Düsseldorf
|x Political activity
|x History.
|
| 651 |
|
0 |
|a Düsseldorf (Germany)
|x Politics and government.
|
| 650 |
|
0 |
|a Labor movement
|z Germany
|z Düsseldorf
|x Political activity
|x History.
|
| 650 |
|
0 |
|a Labor
|z Germany
|z Düsseldorf
|x Political activity
|x History.
|
| 999 |
|
|
|a MARS
|
| 999 |
f |
f |
|s 2d8df073-a439-3102-8ad3-dc83f759dc2d
|i 52e40eb6-2a22-38d1-8c06-efe7d7ce02c4
|t 0
|
| 952 |
f |
f |
|p ric
|a Texas A&M University
|b Rellis Campus
|c Joint Library Facility
|d Remote Storage
|t 0
|e JN3946.S83 N64
|h Library of Congress classification
|i unmediated -- volume
|m A14806151945
|
| 998 |
f |
f |
|a JN3946.S83 N64
|t 0
|l Remote Storage
|